000 00512 a2200157 4500
999 _c5362
_d5362
020 _a9158684077
050 _aLC 5261 TOR 2003
100 _aTorres, Rosa Maria
_eAuthor
245 _aLifelong learning in the South:
_bcritical issues and opportunities for adult education /
264 _aSweden:
_bSwedish International Development Cooperation Agency,
_c2003
300 _a165p. :
440 _aSida studies no. 11
500 _aIncludes glossary
650 _aAdult education
942 _2lcc
_cBK
_h5261
_iTOR
_kLC